Smutný smiech Stoličiek

Bibliographic Details
Main Author: Vannayová, Martina, 1977- (Author)
Format: Article
Language:Slovak
PhysicalDescription:Fotogr.
Subjects:

MARC

LEADER 00000nab a2200000 a 4500
001 vtls000737948
003 SK-MaSNL
005 20260303194127.0
008 040806c2000 xo 0 slo
015 |a SNBRB2000/11-27457 
035 |a CLN000089814 
040 |a SNKBUCL  |b slo  |c SNKBUCL  |e AACR2 
041 0 |a slo 
044 |a xo  |c SK 
080 |a 792.2  |2 UDC-MRF-SK2 
100 1 |a Vannayová, Martina,  |d 1977-  |4 aut  |9 132615 
245 1 0 |a Smutný smiech Stoličiek  |c Martina Vannayová 
300 |b Fotogr. 
600 1 7 |a Ionesco, Eugéne,  |d 1912-1994  |t Stoličky  |2 snkbucl  |9 1226026 
610 2 7 |a Slovenské národné divadlo.  |b Činohra  |2 snkbucl  |9 32459 
650 0 7 |a činohry  |2 snkbucl  |9 3325 
650 0 7 |a divadelné inscenácie  |2 snkbucl  |9 3326 
655 7 |a recenzie  |2 snkbucl  |9 21907 
655 7 |a články z novín a časopisov  |2 snkbucl  |9 267496 
773 0 |t Divadlo v medzičase  |g Roč. 5, č. 1 (2000), s. 5 
850 |a Slovenská národná knižnica v Martine 
852 |a SNK  |b KIS3GCP 
999 |c 2155873  |d 2157803